| 000 | 00740nam a2200229Ia 4500 | ||
|---|---|---|---|
| 003 | OSt | ||
| 005 | 20220923214845.0 | ||
| 006 | a|||||r|||| 00| 0 | ||
| 007 | ta | ||
| 008 | 220922b |||||||| |||| 00| 0 hin d | ||
| 024 | _a173,335 | ||
| 037 | _cTextual | ||
| 040 |
_aARTS _cARTS _bhin |
||
| 041 |
_2hin _ahin |
||
| 082 | _aO152:6x, J9 | ||
| 100 |
_aस्नातक, विजयेन्द्र; महाजन, बलराज, संपा. _9163452 |
||
| 245 | 0 | _aनिबंध विजय | |
| 246 | _aNibandha vijaya | ||
| 260 | _c1959 | ||
| 942 |
_hO152:6x, J9 _cTEXL _2CC |
||
| 999 |
_c327242 _d327242 |
||